Die Interpunktion im Deutschen und Tschechischen : eine vergleichende Darstellung /

Hlavní autor: Rinas, Karsten, 1969-
Korporativní autor: Univerzita Palackého. Katedra germanistiky
Další autoři: Tichák, Viktor, 1990-
Jazyk: Němčina
Čeština
Vydáno: Olomouc : Palacký-Universität Olomouc, 2020
Vydání: Erste Ausgabe
Témata:
Fyzický popis: 214 stran ; 21 cm
Language note: Částečně český text, německé, anglické a české resumé
Knihy
Uloženo v:
LEADER 02244nam a2200577 i 4500
001 nkc20213318111
003 CZ PrNK
005 20220511073740.0
007 ta
008 210407s2020 xr f 001 0 ger
015 |a cnb003318111 
020 |a 978-80-244-5859-5  |q (brožováno) 
035 |a (OCoLC)1263269822 
040 |a ABA001  |b cze  |d BOA001  |e rda 
041 0 |a ger  |a cze  |b cze  |b eng  |b ger 
072 7 |a 81  |x Lingvistika. Jazyky  |2 Konspekt  |9 11 
080 |a 811.112.2  |2 MRF 
080 |a 811.162.3  |2 MRF 
080 |a 003.086  |2 MRF 
080 |a 81-114  |2 MRF 
080 |a (048.8)  |2 MRF 
100 1 |a Rinas, Karsten,  |d 1969-  |7 jn20020721433  |4 aut 
245 1 4 |a Die Interpunktion im Deutschen und Tschechischen :  |b eine vergleichende Darstellung /  |c Karsten Rinas & Viktor Tichák 
250 |a Erste Ausgabe 
264 1 |a Olomouc :  |b Palacký-Universität Olomouc,  |c 2020 
300 |a 214 stran ;  |c 21 cm 
336 |a text  |b txt  |2 rdacontent 
337 |a bez média  |b n  |2 rdamedia 
338 |a svazek  |b nc  |2 rdacarrier 
500 |a Nad názvem: Palacký-Universität Olomouc, Philosophische Fakultät, Lehrstuhl für Germanistik 
504 |a Obsahuje bibliografii, bibliografické odkazy a rejstříky 
546 |a Částečně český text, německé, anglické a české resumé 
650 0 7 |a němčina  |7 ph115512  |2 czenas 
650 0 7 |a čeština  |7 ph135292  |2 czenas 
650 0 7 |a interpunkce  |7 ph216783  |2 czenas 
650 0 7 |a kontrastivní lingvistika  |7 ph121821  |2 czenas 
650 0 9 |a German language  |2 eczenas 
650 0 9 |a Czech language  |2 eczenas 
650 0 9 |a punctuation  |2 eczenas 
650 0 9 |a contrastive linguistics  |2 eczenas 
655 7 |a monografie  |7 fd132842  |2 czenas 
655 9 |a monographs  |2 eczenas 
700 1 |a Tichák, Viktor,  |d 1990-  |7 mzk20181019092  |4 aut 
710 2 |a Univerzita Palackého.  |b Katedra germanistiky  |7 mzk2005280265  |4 isb 
910 2 |a BOA001  |b 2-1465.692 
928 9 |a Univerzita Palackého v Olomouci 
990 |a BK 
995 |a 01 
991 |b 202107  |c NOV 
996 6 |b 2610869809  |c 2-1465.692  |l MZK  |r Sklad / do 1 hodiny  |n 0  |p p.v.  |w 001854679  |u 000010  |a 1  |e BOA001  |j MZK50  |s P 
996 7 |b 2610903503  |c 2-1465.692  |l Vol.výběr  |r VV 1p  |n 0  |p kup  |h 811.112.2 RIN  |w 001854679  |u 000020  |a 0  |e BOA001  |j MZK50  |s A